000 00584nam a2200241Ia 4500
005 20250425162242.0
008 250425s9999 xx 000 0 und d
020 _a8420652377
041 _aspa
043 _asp
082 _a549.03
100 _aDIAZ G.-MAURIÑO, CARLOS
245 0 _aDICCIONARIO DE TERMINOS MINERALOGICOS Y CRISTALOGRAFICOS
250 _aS.E.
260 _aEspaña
_bALIANZA EDITORIAL
_c1991
260 _aMADRID
300 _a573
650 _aCRISTALOGRAFIA
650 _aMINERALOGIA
650 _aTERMINOLOGIA
942 _c01
010 _a58794
999 _c225432
_d225432